000 00496nam a2200193Ia 4500
005 20250425160803.0
008 250425s9999 xx 000 0 und d
020 _a0126666016
041 _aeng
082 _a614.71
100 _aSTERN, ARTHUR C.
245 0 _aAIR POLLUTION : VOLUME I AIR POLLUTANTS, THEIR TRANSFORMATION AND TRANSPORT
250 _a3TH ED.
260 _aEstados Unidos
_bACADEMIC PRESS
_c1976
260 _aNEW YORK
300 _a715
942 _c01
010 _a5204
999 _c196138
_d196138